The collected papers of Henry Bradley /

Saved in:
Bibliographic Details
Main Author: Bradley, Henry, 1845-1923
Other Authors: Bridges, Robert, 1844-1930
Format: Book
Language:English
Published: Oxford : Clarendon Press, 1928.
Subjects:
LEADER 00863nam a22002171 4500
001 c000347992
003 CARM
005 00000000000000.0
008 851003s1928 enk 0 eng d
019 1 |a 3977428  |z 2680042  |z 45931126  |z 2680042  |z 54250441  |5 LACONCORD2021 
035 |a (OCoLC)4393542  |5 LACONCORD2021 
100 1 |a Bradley, Henry,  |d 1845-1923. 
245 1 4 |a The collected papers of Henry Bradley /  |c with a memoir by R.Bridges. 
260 |a Oxford :  |b Clarendon Press,  |c 1928. 
650 0 |a Names, Geographical  |z England. 
650 0 |a English language  |x Etymology. 
700 1 |a Bridges, Robert,  |d 1844-1930. 
852 8 |b CARM  |h A1:AN37F0  |i C09931  |p 0423818  |f BK 
082 0 4 |a 420 
999 f f |i f1102b80-8cf4-5bb5-b5b9-1eb3451c6766  |s 6ec5f71c-a730-5fb0-a07d-41a30d58736e 
952 f f |p Can circulate  |a CAVAL  |b CAVAL  |c CAVAL  |d CARM 1 Store  |e C09931  |f A1:AN37F0  |h Other scheme  |i book  |m 0423818